Finančné riadenie podniku ako predpoklad dosahovania mikroekonomickej rovnováhy

Gespeichert in:
Bibliographische Detailangaben
1. Verfasser: Bobáková, Viktória
Format: Buchkapitel
Sprache:Slowakisch
Tags: Tag hinzufügen
Keine Tags, Fügen Sie das erste Tag hinzu!

MARC

LEADER 00000naa$a2200000$$$4500
001 0085793
005 20240502071956.5
041 0 |a slo 
044 |a SK 
245 1 0 |a Finančné riadenie podniku ako predpoklad dosahovania mikroekonomickej rovnováhy  |c Viktória Bobáková 
100 1 |a Bobáková, Viktória